First Space Travellers - Statistics

General Stats
  • This quiz has been taken 12 times
  • The average score is 3 of 19
Answer Stats
Hint Answer % Correct
USSR Yuri Gagarin
92%
USA John Glenn
83%
USA Alan Shepard
33%
USSR Valentina Tereshkova
25%
USSR Gherman Titov
17%
USSR Alexei Leonov
8%
USSR Andriyan Nikolayev
0%
USSR Boris Yegorov
0%
USA Gordon Cooper
0%
USA John Young
0%
USA Joseph Walker
0%
USSR Konstantin Feoktistov
0%
USSR Pavel Belyayev
0%
USSR Pavel Popovich
0%
USA Scott Carpenter
0%
USSR Valery Bykovsky
0%
USA Virgil Grissom
0%
USSR Vladimir Komarov
0%
USA Walter Schirra
0%
No matching quizzes found
Score Distribution
Percent of People with Each Score
Percentile by Number Answered
Your Score History
You have not taken this quiz